| 000 | 00364nam a2200145Ia 4500 | ||
|---|---|---|---|
| 005 | 20250409181529.0 | ||
| 008 | 250409s9999||||xx |||||||||||||| ||und|| | ||
| 020 | _a978-81-264-2497-9 | ||
| 100 | _aCHANDRAMATHI | ||
| 245 | 0 | _aCHANDRAMATHIYUDE KATHAKAL SAMPOORNAM | |
| 260 |
_bD C BOOKS _aKOTTAYAM |
||
| 300 | _a654 | ||
| 650 | _vMalayalam Fiction | ||
| 942 | _cBOOK | ||
| 999 |
_c23307 _d23307 |
||